The Cambridge economic history of modern Europe / (Record no. 18813)
[ view plain ]
| 000 -LEADER | |
|---|---|
| fixed length control field | 01223cam a2200349 a 4500 |
| 001 - CONTROL NUMBER | |
| control field | 16002428 |
| 005 - DATE AND TIME OF LATEST TRANSACTION | |
| control field | 20141222152347.0 |
| 008 - FIXED-LENGTH DATA ELEMENTS--GENERAL INFORMATION | |
| fixed length control field | 091201r20102014xxkadk fr2b f001 0 eng d |
| 010 ## - LIBRARY OF CONGRESS CONTROL NUMBER | |
| LC control number | 2009050509 |
| 020 ## - INTERNATIONAL STANDARD BOOK NUMBER | |
| International Standard Book Number | 9780521882026 |
| 020 ## - INTERNATIONAL STANDARD BOOK NUMBER | |
| International Standard Book Number | 9780521882033 : (hdbk.) |
| 020 ## - INTERNATIONAL STANDARD BOOK NUMBER | |
| International Standard Book Number | 9780521708395 : (pbk.) |
| 040 ## - CATALOGING SOURCE | |
| Original cataloging agency | DLC |
| Transcribing agency | DLC |
| Modifying agency | DLC |
| -- | EG-ScBUE |
| 043 ## - GEOGRAPHIC AREA CODE | |
| Geographic area code | e------ |
| 082 00 - DEWEY DECIMAL CLASSIFICATION NUMBER | |
| Classification number | 330.94 |
| Edition number | 22 |
| Item number | CAM |
| 245 04 - TITLE STATEMENT | |
| Title | The Cambridge economic history of modern Europe / |
| Statement of responsibility, etc | edited by Stephen Broadberry and Kevin H. O'Rourke. |
| 246 30 - VARYING FORM OF TITLE | |
| Title proper/short title | Economic history of modern Europe |
| 250 ## - EDITION STATEMENT | |
| Edition statement | 1st ed., |
| Remainder of edition statement | reprinted. |
| 260 ## - PUBLICATION, DISTRIBUTION, ETC. (IMPRINT) | |
| Place of publication, distribution, etc | Cambridge, United Kingdom : |
| -- | New York, United States : |
| Name of publisher, distributor, etc | Cambridge University Press, |
| Date of publication, distribution, etc | 2010. |
| 300 ## - PHYSICAL DESCRIPTION | |
| Extent | 1 v. : |
| Other physical details | charts, tables ; |
| Dimensions | 26 cm. |
| 500 ## - GENERAL NOTE | |
| General note | Index : p. 462-468. |
| 500 ## - GENERAL NOTE | |
| General note | Reprint of the 2010 ed. |
| 504 ## - BIBLIOGRAPHY, ETC. NOTE | |
| Bibliography, etc | Bibliography : p. 421-461. |
| 505 2# - FORMATTED CONTENTS NOTE | |
| Formatted contents note | Contents : v. 2. 1870 to the present. |
| 590 ## - LOCAL NOTE (RLIN) | |
| Local note | Library contain : Vol. 2. |
| 651 #0 - SUBJECT ADDED ENTRY--GEOGRAPHIC NAME | |
| Geographic name | Europe |
| General subdivision | Economic history |
| 9 (RLIN) | 37017 |
| 653 ## - INDEX TERM--UNCONTROLLED | |
| Resource For college | BAEPS, Political Science |
| Arrived date list | December2014 |
| 655 ## - INDEX TERM--GENRE/FORM | |
| Form subdivision | |
| -- | 34232 |
| 700 1# - ADDED ENTRY--PERSONAL NAME | |
| Personal name | Broadberry, S. N. |
| 9 (RLIN) | 37018 |
| Relator term | editor. |
| 700 1# - ADDED ENTRY--PERSONAL NAME | |
| Personal name | O’Rourke, Kevin H. |
| 9 (RLIN) | 37019 |
| Relator term | editor. |
| 942 ## - ADDED ENTRY ELEMENTS (KOHA) | |
| Source of classification or shelving scheme | Dewey Decimal Classification |
| Call number prefix | 330.94 CAM |
| Withdrawn status | Item status | Source of classification or shelving scheme | Damaged status | Not for loan | Vendor | Home library | Current library | Shelving location | Date acquired | Source of acquisition | Cost, normal purchase price | Serial Enumeration / chronology | Total Checkouts | Full call number | Barcode | Date last seen | Cost, replacement price | Koha item type |
|---|---|---|---|---|---|---|---|---|---|---|---|---|---|---|---|---|---|---|
| Dewey Decimal Classification | Baccah | Central Library | Central Library | First floor | 22/12/2014 | 240.00 | 21291 | 330.94 CAM | 000037231 | 15/07/2025 | 300.00 | Book - Borrowing |